Využívanie metód pre stimuláciu nových myšlienok a kreativity zamestnancov podnikmi v Slovenskej republike
Kreativita ako jedna z najdôležitejších podmienok vzniku a šírenia inovácií v ekonomike. Komparácia využívania metód pre stimuláciu nových myšlienok a kreativity zamestnancov podnikmi v Slovenskej republike a v iných krajinách Európskej únie.
Enregistré dans:
| Auteur principal: | |
|---|---|
| Format: | Chapitre de livre |
| Langue: | slovaque |
| Sujets: | |
| Tags: |
Pas de tags, Soyez le premier à ajouter un tag!
|
MARC
| LEADER | 00000nla a2200000 4500 | ||
|---|---|---|---|
| 001 | 0214230 | ||
| 005 | 20240417075105.5 | ||
| 041 | 0 | |a slo | |
| 044 | |a CZ | ||
| 245 | 1 | 0 | |a Využívanie metód pre stimuláciu nových myšlienok a kreativity zamestnancov podnikmi v Slovenskej republike |c Zuzana Krátka |
| 520 | |a Kreativita ako jedna z najdôležitejších podmienok vzniku a šírenia inovácií v ekonomike. Komparácia využívania metód pre stimuláciu nových myšlienok a kreativity zamestnancov podnikmi v Slovenskej republike a v iných krajinách Európskej únie. | ||
| 610 | 2 | 0 | |a kreativita |
| 610 | 2 | 0 | |a podnik |
| 610 | 2 | 0 | |a porovnanie medzinárodné |
| 610 | 2 | 0 | |a Slovensko |
| 610 | 2 | 0 | |a stratégia inovačná |
| 610 | 2 | 0 | |a Európska únia |
| 100 | 1 | |a Krátka, Zuzana, 1968- | |